| 000 | 00621nam a22002057a 4500 | ||
|---|---|---|---|
| 003 | JAelocker | ||
| 005 | 20140310182343.0 | ||
| 008 | 130316t xxu||||| |||| 00| 0 eng d | ||
| 020 | _a9780862729578 | ||
| 050 |
_aQ158.5 _b.W55 1993 |
||
| 082 |
_aQ158.5 _b.W55 1993 |
||
| 100 |
_aWilliams, Brian _920971 |
||
| 245 |
_aScience and technology _ba visual factfinder _cBrian Williams |
||
| 260 |
_aLondon _bKingfisher Books _c1993 |
||
| 300 |
_a93 p. _bill. (some col.), col. maps _c29 cm. |
||
| 650 |
_a Discovering science _921861 |
||
| 650 |
_a Branches of Science _921862 |
||
| 942 |
_2lcc _cBK-GS _kGS |
||
| 999 |
_c12177 _d12177 |
||